| 000 | 00369 a2200145 4500 | ||
|---|---|---|---|
| 082 | _a332.45 | ||
| 090 |
_c4205 _d4205 |
||
| 100 | _aState Bank of Pakistan | ||
| 245 |
_aForeign Exchange Manual _cState Bank of Pakistan |
||
| 250 | _a8th | ||
| 260 |
_aPakistan _bState Bank of Pakistan _c2002 |
||
| 300 | _a136p | ||
| 500 | _aHard cover | ||
| 942 |
_aNBS _cBK _k332.45 SBP |
||
| 999 |
_c346655 _d346655 |
||